MARC

LEADER 00000nam0a2200000 4500
001 23636
005 20240223152306.0
035 |a (RuTPU)RU\TPU\book\23861 
035 |a BOOK00023934 
090 |a 23636 
100 |a 20011209d1999 m y0rusy50 ca 
101 0 |a rus 
102 |a RU 
105 |a y j 000zy 
200 1 |a Культурологический практикум  |f Н. А. Колодий [и др.]  |g Томский политехнический университет 
210 |a Томск  |c Изд-во ТПУ  |d 1999 
215 |a 102 с. 
610 1 |a культура 
610 1 |a культурология 
610 1 |a история 
610 1 |a типы 
610 1 |a символы 
610 1 |a ценности 
610 1 |a учебные пособия 
610 1 |a практикумы 
610 1 |a труды учёных ТПУ 
686 |a Ч111я73  |2 rubbk 
701 1 |a Колодий  |b Н. А.  |c специалист в области культурологии и социальной коммуникации  |c профессор Томского политехнического университета, кандидат философских наук  |f 1958-  |g Наталия Андреевна  |3 (RuTPU)RU\TPU\pers\27134  |9 12674 
701 1 |a Моисеева  |b А. П.  |c российский ученый, философ  |c профессор Томского политехнического университета, доктор философских наук  |f 1936-  |g Агнесса Петровна  |3 (RuTPU)RU\TPU\pers\19840 
701 1 |a Тихонова  |b Г. Ю.  |c специалист в области культурологии и социальных коммуникаций  |c доцент Томского политехнического университета, кандидат философских наук  |f 1953-  |g Галина Юрьевна  |3 (RuTPU)RU\TPU\pers\26719 
701 1 |a Чухно  |b Т. А.  |g Татьяна Анатольевна 
712 0 2 |a Томский политехнический университет  |3 (RuTPU)RU\TPU\col\376 
801 0 |a RU  |b 63413507  |c 20011209  |g PSBO 
801 2 |a RU  |b 63413507  |c 20170403  |g PSBO 
942 |c BK